000 01116nam a22003257a 4500
003 CHAP
005 20220329141454.0
008 971013s1989 r 00010 d
010 _a68723
011 _a69695
035 _a79172
040 _cCHAP
090 _aTesis
100 0 0 _aLópez Reynoso, José de Jesús.
_968272
245 _aSelección masal visual estratificada en un compuesto de maíz y su eficiencia relativa a híbridos de la Mesa Central
260 _aMontecillo, Méx. :
_bEl autor,
_c1989
300 _a121 h.
_b: gráfs.
500 _a31-116
502 _aTesis (Maestro en Ciencias Esp. en Genética) -- CP. Centro de Genética
590 _aALEPH
_b10
_c20130110
_lUCH01
_h1405
590 _aBATCH-UPD
_b10
_c20130110
_lUCH01
_h0652
590 _aBATCH-UPD
_b10
_c20130410
_lUCH01
_h0336
590 _aBATCH-UPD
_b10
_c20130914
_lUCH01
_h1733
590 _aCONVERSION
_b10
_c20130109
_lUCH01
_h1338
650 1 4 _aMaíz
_xSelección masal.
_971058
901 _aBK
942 _cFOLL
949 _bBC
_cTES
_d-32054
_eTS1
_h21406
_i79172
_si
949 _bBC
_cTES
_d-96117
_eTS2
_fc.2
_h21407
_i79172
_si
999 _c68723
_d68723